LEADER 01651nam a2200325 u 4500 001 000000073198 003 CaOOAMICUS 005 20070226122326.0 008 020627s1994 it u000 u ita u 035 $a10935093 040 $aPUL$bita 041 1 $aita$hfre 100 1 $aCharbonneau-Lassay, Louis,$d1871-1947.$0(OLS)http://pul/name/48459 240 10$aBestiaire du Christ.$lItaliano.$0(OLS)http://pul/title/96232 245 13$aIl bestiario del Cristo :$bla misteriosa emblematica di Gesł Cristo : millecentocinquantasette figure incise su legno dall'autore /$cLouis Charbonneau-Lassay ; [trad. dal francese a cura di Silvestra Palamidessi e Pietro Lunghi] ; pref. di Luca Gallesi ; saggio introd. di Stefano Salzani e PierLuigi Zoccatelli. 260 $aRoma :$bArkeios,$c1994. 300 $a2 v. :$bill. ;$c24 cm 490 1 $aLa via dei simboli 500 $aContiene indici. 504 $aBibliografia in nota. 650 4$aSimbolismo cristiano.$0(OLS)http://pul/subject/2212 700 1 $aLunghi, Pietro.$0(OLS)http://pul/name/48461 700 1 $aPalamidessi, Silvestra.$0(OLS)http://pul/name/48460 830 3$aLa via dei simboli.$0(OLS)http://pul/title/48499 850 $aPUL 852 $aPUL$W1$xSL Cons. Gen., Altre Classi 1$y1$m2004 D $j65611$nBK-PRI$b $qStampati$B94616$CPULBib$Z2$F94616 $H $81 941 1 $a8 961 $aINV: 71766-71767 996 $6245$aIl bestiario del Cristo :$bla misteriosa emblematica di Gesł Cristo : millecentocinquantasette figure incise su legno dall'autore$9(OLS)http://pul/title/96233 996 $6260$aRoma :$bArkeios$9(OLS)http://pul/publisher/58291 LEADER 01561nam a2200325 a 4500 001 000000174162 003 CaOOAMICUS 005 20210126160506.0 008 210126s2020 it a 000 u ita r 020 $a978-88-15-28718-2* 032 $aLibriCat 040 $aPUL$bita 245 02$aI media nei processi elettorali :$bmodelli ed esperienze tra etą moderna e contemporanea / $ca cura di Maurizio Cau, Christoph Cornelissen . 260 $aBologna :$bIl Mulino,$c©2020. 300 $a430 p. :$bill. ;$c22 cm 490 1 $aAnnali dell'Istituto storico italo-germanico. Quaderni ;$v106 500 $aNell'occh.: Fondazione Bruno Kessler. 504 $aBibliografia in nota. 650 4$aElezioni$zEuropa.$0(OLS)http://pul/subject/25945 650 4$aComunicazione (politica).$0(OLS)http://pul/subject/25084 700 1 $aCau, Maurizio,$d1974-$0(OLS)http://pul/name/62805 700 1 $aCornelissen, Christoph$b1958-$0(OLS)http://pul/name/83372 830 0$aAnnali dell'Istituto storico italo-germanico in Trento.$pQuaderni ;$v106.$0(OLS)http://pul/title/8598 850 $aPUL 852 $aPUL$W1$xDP1 Riviste Correnti$y15$m1094 D 2.106$j198505$qPeriodici$B203074$CPULBib$Z2$F203074 $H134722 $82 941 1 $a5 996 $6020$a978-88-15-28718-2*$9(OLS)http://pul/number/167960 996 $6245$aI media nei processi elettorali :$bmodelli ed esperienze tra etą moderna e contemporanea / $9(OLS)http://pul/title/215390 996 $6260$aBologna :$bIl Mulino$9(OLS)http://pul/publisher/47928